| 000 | 00671nam a2200229Ia 4500 | ||
|---|---|---|---|
| 003 | OSt | ||
| 005 | 20221122161733.0 | ||
| 008 | 210423s2009 xx 000 0 und d | ||
| 020 | _a9788178299358 | ||
| 040 | _cAL | ||
| 041 | _aeng | ||
| 082 | _a070.1 HARR | ||
| 100 |
_aHARINDRANATH (Ramaswami) _963264 |
||
| 245 | _aAudience citizens: media public knowledge and interpretive practice | ||
| 260 |
_aLos Angeles _bSage Publications _c2009 |
||
| 300 |
_avii,271 _bHB |
||
| 365 |
_b495 _cINR |
||
| 650 |
_aGeneral _963265 |
||
| 650 |
_aMass Media _963266 |
||
| 906 | _aAudience ; citizens: ; interpretive ; knowledge ; media ; practice. ; public | ||
| 942 |
_2ddc _cBK |
||
| 999 |
_c158140 _d158140 |
||